London Underground - Bakerloo Line - Statistics

General Stats
  • This quiz has been taken 57 times
  • The average score is 16 of 25
Answer Stats
Answer % Correct
Baker Street
83%
Maida Vale
79%
Marylebone
76%
Wembley Central
76%
Willesden Junction
76%
Charing Cross
72%
Elephant & Castle
72%
Oxford Circus
72%
Queens Park
72%
Paddington
69%
Piccadilly Circus
69%
Waterloo
69%
Embankment
66%
Regents Park
66%
Warwick Avenue
66%
Harrow & Wealdstone
62%
Kenton
62%
North Wembley
62%
Harlesden
59%
Kensal Green
59%
Lambeth North
59%
South Kenton
59%
Stonebridge Park
59%
Kilburn Park
52%
Edgeware Road
28%
No matching quizzes found
Score Distribution
Percent of People with Each Score
Percentile by Number Answered
Your Score History
You have not taken this quiz